000
00292nam a2200121Ia 4500
008
190216s9999||||xx |||||||||||||| ||und||
100
_a
Little Wood S R
245
0
_a
Short Modern Plays
260
_b
Mac Millian And Com. Ltd
_c
1954
300
_a
234p
650
_a
English Drama
942
_c
BK
999
_c
11703
_d
11703